| 000 | 00926nas a2200313 4500 | ||
|---|---|---|---|
| 001 | BR0200122 | ||
| 003 | BR-BrBNA | ||
| 005 | 20231205102724.0 | ||
| 007 | ta | ||
| 008 | 230509b bl.|||p| |||| 00| 00por d | ||
| 040 |
_aBR-BrBNA _bpor _cBiblioteca Nacional de Agricultura |
||
| 041 | _a(Pt) | ||
| 072 | _aF01 | ||
| 100 | 1 | _aBuriol, G.A. | |
| 100 | 1 | _aEstefanel, V. | |
| 100 | 1 | _aAndriolo, J.L. | |
| 100 | 1 | _aMatzenauer, R. | |
| 100 | 1 | _aTazzo, I.F. | |
| 245 | 1 | _aDisponibilidade de radiação para o cultivo do tomateiro durante o inverno no Estado do Rio Grande do Sul | |
| 650 | _aTOMATE | ||
| 650 | _aRADIAÇÃO SOLAR | ||
| 650 | _aINVERNO | ||
| 650 | _aESTUFA | ||
| 650 | _aMETEOROLOGIA | ||
| 650 | _aRIO GRANDE DO SUL | ||
| 773 | 0 |
_tPesquisa Agropecuária Gaúcha (Brazil) _xISSN 0104-9070 _g(2000), v. 6(1) p. 113-120 _wBR0200122 |
|
| 909 |
_a202311 _bLúcia _c55 _dLúcia Elande |
||
| 942 |
_2AGRIS _n0 _cANA |
||
| 999 |
_c168984 _d168984 |
||